Balasan keikhlasan diri

Bibliographic Details
Main Author: Rabiatul Adawiyah bt Shafie
Format: Book
Published: Kuala Lumpur : Gohamas Marketing Sdn.Bhd , 2005
Series:Siri bacaan nilai murni
Subjects:

MARC

LEADER 00000cam a2200000 7i4500
001 0000005027
005 20151222.0
008 070801
020 |a 9833116124(set) 
020 |a 9833116175 
090 0 0 |a JF   |b REG MAL (5417) 
100 0 |a Rabiatul Adawiyah bt Shafie 
245 1 0 |a Balasan keikhlasan diri   |c Rabiatul Adawiyah bt Shafie 
260 |a Kuala Lumpur :   |b Gohamas Marketing Sdn.Bhd ,   |c 2005 
440 |a Siri bacaan nilai murni 
500 |a Children ages 7-9 years old (orange) 
650 0 |a Junior fiction   |x Malay   |x Languages 
650 0 |a Malay fiction 
999 |a 0000908731   |b Book   |c Teenagers   |e Cawangan Bandar Tenggara 
999 |a 0000908732   |b Book   |c Teenagers   |e Cawangan Bandar Tenggara 
999 |a 0000977416   |b Book   |c Children Collection   |e Perbadanan Perpustakaan Awam Johor 
999 |a 0000977417   |b Book   |c Children Collection   |e Perbadanan Perpustakaan Awam Johor 
999 |a 0000977418   |b Book   |c Children Collection   |e Cawangan Bandar Tenggara 
999 |a 0000977419   |b Book   |c Children Collection   |e Cawangan Sri Merlong 
999 |a 0001147448   |b Book   |c Children Collection   |e Cawangan Kota Tinggi 
999 |a 0001147449   |b Book   |c Children Collection   |e Cawangan Tangkak 
999 |a 0001147450   |b Book   |c Children Collection   |e Cawangan Bukit Gambir 
999 |a 0001147697   |b Book   |c Children Collection   |e Cawangan Segamat 
999 |a 0001147700   |b Book   |c Children Collection   |e Cawangan Pontian 
999 |a 001147451   |b Book   |c Children Collection   |e Cawangan Tangkak